Statystyki dla Top 5 państw według danej kategorii #1

Kliknij tutaj aby rozwiązać quiz!

Ogólne statystyki

  • Ten quiz został rozwiązany 16 703 razy
  • Średni wynik to 23 z 39

Statystyki odpowiedzi

Państwo% Poprawnych
Chiny
99%
Rosja
99%
Stany Zjednoczone
99%
Indie
96%
Kanada
94%
Brazylia
91%
Japonia
90%
Francja
87%
Watykan
86%
Niemcy
84%
Australia
78%
Monako
76%
Włochy
76%
Hiszpania
74%
San Marino
74%
Meksyk
71%
Indonezja
69%
Liechtenstein
67%
Luksemburg
64%
Chile
59%
Szwajcaria
58%
Islandia
54%
Islandia
54%
Mongolia
53%
Nigeria
53%
Dania
48%
Korea Północna
46%
Singapur
46%
Katar
40%
Nauru
33%
Filipiny
32%
Kolumbia
31%
Palau
29%
Tuvalu
29%
Vanuatu
25%
Bahrajn
23%
Malediwy
13%
Namibia
9%
Surinam
6%

Rozkład punktacji

Percentyl według liczby udzielonych odpowiedzi

Procent ludzi z każdym wynikiem

Twoja historia wyników

Nie rozwiązałeś tego quizu